भास, कालिदास और भवभूति के रूपकों के प्रमुख नारी पात्र / (Record no. 53061)

MARC details
000 -LEADER
fixed length control field 00641nam a2200181Ia 4500
005 - DATE AND TIME OF LATEST TRANSACTION
control field 20260429112234.0
008 - FIXED-LENGTH DATA ELEMENTS--GENERAL INFORMATION
fixed length control field 260429s9999||||xx |||||||||||||| ||und||
020 ## - INTERNATIONAL STANDARD BOOK NUMBER
International Standard Book Number 9788178544052
041 ## - LANGUAGE CODE
Language Hindi
082 ## - DEWEY DECIMAL CLASSIFICATION NUMBER
Classification number 891.2209
Item number CHA
100 ## - MAIN ENTRY--PERSONAL NAME
Personal name चौहान, उषा
245 #0 - TITLE STATEMENT
Title भास, कालिदास और भवभूति के रूपकों के प्रमुख नारी पात्र /
Statement of responsibility, etc उषा चौहान
250 ## - EDITION STATEMENT
Edition statement 1st ed.
260 ## - PUBLICATION, DISTRIBUTION, ETC. (IMPRINT)
Place of publication, distribution, etc दिल्ली :
Name of publisher, distributor, etc ईस्टर्न बुक लिंकर,
Date of publication, distribution, etc 2021.
300 ## - PHYSICAL DESCRIPTION
Extent 351 p.; Hb
650 ## - SUBJECT ADDED ENTRY--TOPICAL TERM
Topical term or geographic name as entry element Criticism
942 ## - ADDED ENTRY ELEMENTS (KOHA)
Koha item type Text Books
Holdings
Withdrawn status Lost status Damaged status Not for loan Collection code Home library Location Shelving location Date of Cataloging Source of acquisition Total Checkouts Full call number Barcode Date last seen Price effective from Koha item type
        Non-fiction CUTN Central Library CUTN Central Library Literature 29/04/2026 Segment Book Distributors, New Delhi - Invoice No. 71458 on 09-02-2026   891.2209 CHA 58234 29/04/2026 29/04/2026 Text Books